00737nam a2200241 a 4500001001300000003000900013005001700022008004100039020001000080082001500090100001800105245005100123260003700174300000900211500003500220505004100255650003600296700001800332902000800350942000700358952011500365999001500480nice12345678IN_TiNIC20260116012052.0050524s1965 lona grp 000 0 eng  ac10000a227.2bSTR aStrachan, R H aSecond Epistle of St. Paul to the Corinthians. aLondonbHodder & Stoughtonc1965 a149p aincludes index and biblioraphy2 aIndex of Subject and Index of Author aBible N.T. Epistles Corinthians1 aStrachan, R H bSRS cBK 001040708StackRoom-aHMIbHMId2007-06-20g100.00l0o227.2 STRp06601r2007-06-20v100.00w2005-05-24yBK c5513d5513